Restaurant order processing system (ROPS) (Record no. 11367)
[ view plain ]
| 000 -LEADER | |
|---|---|
| fixed length control field | 00478 a2200157 4500 |
| 003 - CONTROL NUMBER IDENTIFIER | |
| control field | NUST |
| 038 ## - RECORD CONTENT LICENSOR | |
| Staff Name | Atta |
| 082 ## - DEWEY DECIMAL CLASSIFICATION NUMBER | |
| Classification number | BIT-9 |
| 100 ## - MAIN ENTRY--PERSONAL NAME | |
| Personal name | Bilal Arshad |
| 9 (RLIN) | 92205 |
| 245 ## - TITLE STATEMENT | |
| Title | Restaurant order processing system (ROPS) |
| Statement of responsibility, etc. | Bilal Arshad |
| 260 ## - PUBLICATION, DISTRIBUTION, ETC. | |
| Place of publication, distribution, etc. | Islamabad |
| Name of publisher, distributor, etc. | NUST-SEECS |
| Date of publication, distribution, etc. | 2012 |
| 300 ## - PHYSICAL DESCRIPTION | |
| Extent | 46p. |
| Other physical details | ;ill. |
| Dimensions | ;27cm.+ |
| Accompanying material | CD ROM |
| 500 ## - GENERAL NOTE | |
| General note | Supervisors: Dr. Hamid Mukhtar, Shahryar Khan |
| 856 ## - ELECTRONIC LOCATION AND ACCESS | |
| Uniform Resource Identifier | <a href="http://10.250.8.41:8080/xmlui/handle/123456789/11727">http://10.250.8.41:8080/xmlui/handle/123456789/11727</a> |
| 942 ## - ADDED ENTRY ELEMENTS (KOHA) | |
| Koha item type | Project Report |
| Call number prefix | BIT-9 BIL |
| Source of classification or shelving scheme | |
| Withdrawn status | Lost status | Source of classification or shelving scheme | Damaged status | Not for loan | Permanent Location | Current Location | Date acquired | Full call number | Barcode | Date last seen | Price effective from | Koha item type |
|---|---|---|---|---|---|---|---|---|---|---|---|---|
| WITHDRAWN | Central Library (CL) | Central Library (CL) | 07/02/2022 | BIT-9 BIL | SEECSP01230 | 11/14/2012 | 11/14/2012 | Project Report |
